Rebelión en la granja / (Registro nro. 8704)

Detalles MARC
000 -LIDER
fixed length control field 00802nam a2200277 a 4500
001 - NÚMERO DE CONTROL
Identificador de número de control 000041848
003 - IDENTIFICACDOR DE NÚMERO DE CONTROL
control field DO-SdBNP
005 - DATE AND TIME OF LATEST TRANSACTION
control field 20250606135250.0
007 - CAMPOS FIJOS DE DESCRIPCIÓN FÍSICA
fixed length control field 000041848
008 - ELEMENTOS DE LONGITUD FIJA
fixed length control field 131018s1999 sp 000 0 spa d
020 ## - ISBN
International Standard Book Number 8483280159
040 ## - FUENTE DE CATALOGACIÓN
Agencia que crea de manera original el registro BPMSU
Idioma de catalogación spa
Agencia que realiza la transcripción BPMSU
082 #4 - NÚMERO DE CLASIFICACIÓN DECIMAL DE DEWEY
Classification number 823.91
Item number O79r 1999
Edition number 22
100 1# - ASIENTO PRINCIPAL -- NOMBRE PERSONAL
Nombre personal Orwell, George,
Fechas asociadas con el nombre 1903-1950
240 ## - TITULO UNIFORME
Título uniforme Animal Farm
Idioma de una obra español
245 10 - MENCIÓN DE TITULO
Título Rebelión en la granja /
Subtítulo George Orwell
260 ## - PUBLICACIÓN, DISTRIBUCIÓN, ETC. (PIE DE IMPRENTA)
Lugar de publicación, distribución, etc Madrid :
Nombre del editor, distribuidor, etc. Milenium,
Fecha de publicación, distribución, etc 1999
300 ## - DESCRIPCIÓN FÍSICA
Extensión 126p. ;
Dimensiones 20 cm.
490 0# - MENCIÓN DE SERIES
Mención de serie Milenium ;
-- Las 100 joyas del milenio
Volume/sequential designation 48
590 ## - NOTA LOCAL
Texto de la nota local Inventariado, 2025/VM
650 #4 - ENCABEZAMIENTO DE MATERIA--TEMÁTICO
Término temático o nombre geográfico como elemento de entrada Novela inglesa
650 #4 - ENCABEZAMIENTO DE MATERIA--TEMÁTICO
Término temático o nombre geográfico como elemento de entrada Clases sociales
Subdivisión de forma Novela
650 #4 - ENCABEZAMIENTO DE MATERIA--TEMÁTICO
Término temático o nombre geográfico como elemento de entrada Corrupción política
Subdivisión de forma Novela
910 ## - VALIDACIÓN
Validación VMateo V. Control de calidad. BPMSU
942 ## - ADDED ENTRY ELEMENTS (KOHA)
Source of classification or shelving scheme Dewey Decimal Classification
Koha item type Libros
Existencias
Withdrawn status Lost status Source of classification or shelving scheme Damaged status Not for loan Collection code Home library Current library Date acquired Source of acquisition Total Checkouts Full call number Barcode Date last seen Price effective from Koha item type
    Dewey Decimal Classification     Colección General Biblioteca Pública Metropolitana Salomé Ureña Biblioteca Pública Metropolitana Salomé Ureña 11/13/2015 FUNDI   PMSU CJG 823.91 O79r 1999 BPMSU15110261 11/13/2015 11/13/2015 Libros